[Event "SN-2016-0-00742"]
[Site "LSS email"]
[Date "2016.03.02"]
[Round "?"]
[White "Dietle, Robert"]
[Black "Komarov, Valerij"]
[Result "0-1"]
[WhiteElo "1908"]
[BlackElo "878"]
[PlyCount "36"]
[EventDate "2016.02.20"]
[EventType "tourn (corr)"]
[EventRounds "6"]
[EventCountry "GER"]
[SourceTitle "Corr 2022"]
[Source "ChessBase"]
[SourceDate "2021.10.24"]
[SourceVersion "1"]
[SourceVersionDate "2021.10.24"]
[SourceQuality "1"]

1. e4 e5 2. Nf3 Nc6 3. Bb5 a6 4. Ba4 Nf6 5. Nc3 b5 6. Bb3 Be7 7. 0-0 0-0 8. a3 d6 9. d3 Be6 10. Bxe6 fxe6 11. Be3 Ng4 12. Qe2 Nxe3 13. Qxe3 Bf6 14. Ne2 d5 15. d4 Qe7 16. c3 Rfd8 17. Rad1 Rd7 18. dxe5 Nxe5 0-1

[Event "ZN-2016-0-03244"]
[Site "LSS email"]
[Date "2016.01.19"]
[Round "?"]
[White "Venturas, Bob"]
[Black "Dietle, Robert"]
[Result "0-1"]
[WhiteElo "667"]
[BlackElo "1900"]
[PlyCount "40"]
[EventDate "2016.01.13"]
[EventType "match (corr)"]
[EventRounds "2"]
[EventCountry "GER"]
[SourceTitle "Corr 2022"]
[Source "ChessBase"]
[SourceDate "2021.10.24"]
[SourceVersion "1"]
[SourceVersionDate "2021.10.24"]
[SourceQuality "1"]

1. e4 e5 2. Nf3 Nc6 3. a3 Nf6 4. Nc3 Bd6 5. Bc4 0-0 6. 0-0 a6 7. d3 Bc5 8. Be3 d6 9. h3 Bxe3 10. fxe3 Be6 11. Bd5 Bxd5 12. exd5 Ne7 13. e4 c6 14. dxc6 bxc6 15. b4 Qb6+ 16. Kh1 h6 17. Ne2 d5 18. exd5 Nexd5 19. Nxe5 Ne3 20. Qd2 Nxf1 0-1

[Event "SN-2015-0-00714"]
[Site "LSS email"]
[Date "2015.11.09"]
[Round "?"]
[White "Dietle, Robert"]
[Black "Garcia, Javier"]
[Result "1-0"]
[WhiteElo "1900"]
[BlackElo "852"]
[PlyCount "51"]
[EventDate "2015.10.21"]
[EventType "tourn (corr)"]
[EventRounds "6"]
[EventCountry "GER"]
[SourceTitle "Corr 2022"]
[Source "ChessBase"]
[SourceDate "2021.10.24"]
[SourceVersion "1"]
[SourceVersionDate "2021.10.24"]
[SourceQuality "1"]

1. d4 Nf6 2. c4 e6 3. Nc3 Bb4 4. Bd2 0-0 5. Nf3 b6 6. e3 Bb7 7. Be2 Nc6 8. 0-0 Re8 9. a3 Be7 10. Qc2 d5 11. cxd5 Nxd5 12. Bc4 Na5 13. Nxd5 Nxc4 14. Nxe7+ Qxe7 15. Qxc4 Bxf3 16. gxf3 Qg5+ 17. Kh1 Rac8 18. Rg1 Qd5 19. Qxd5 exd5 20. Rg3 c5 21. Bc3 c4 22. Rag1 g6 23. f4 Kh8 24. f5 gxf5 25. f4 Re4 26. Bd2 1-0

[Event "SN-2015-0-00714"]
[Site "LSS email"]
[Date "2015.11.09"]
[Round "?"]
[White "Liles, Chris"]
[Black "Dietle, Robert"]
[Result "0-1"]
[WhiteElo "824"]
[BlackElo "1900"]
[PlyCount "126"]
[EventDate "2015.10.21"]
[EventType "tourn (corr)"]
[EventRounds "6"]
[EventCountry "GER"]
[SourceTitle "Corr 2022"]
[Source "ChessBase"]
[SourceDate "2021.10.24"]
[SourceVersion "1"]
[SourceVersionDate "2021.10.24"]
[SourceQuality "1"]

1. d4 d5 2. Nf3 Nc6 3. e3 Nf6 4. Bd3 e6 5. c3 Bd6 6. Nbd2 0-0 7. 0-0 e5 8. e4 Bg4 9. h3 Be6 10. Re1 Qe7 11. exd5 Bxd5 12. dxe5 Nxe5 13. Nxe5 Bxe5 14. Nf3 Nd7 15. Ng5 g6 16. f4 f6 17. fxe5 fxg5 18. b4 Qf7 19. Qc2 Rae8 20. Bxg5 Rxe5 21. Rf1 Qg7 22. c4 Rxg5 23. cxd5 Qd4+ 24. Kh1 Ne5 25. Be2 Qxd5 26. Rxf8+ Kxf8 27. Rf1+ Kg7 28. Rf2 c6 29. Qb2 b5 30. Bf3 Qe6 31. Bg4 Qe7 32. Re2 h5 33. Bf3 Qf6 34. h4 Rf5 35. Kg1 Nxf3+ 36. gxf3 Qxb2 37. Rxb2 Rxf3 38. Kg2 Rc3 39. Rd2 Kf6 40. Rd7 Kf5 41. Rxa7 Kg4 42. Kf1 Kf3 43. Rf7+ Kg3 44. Rg7 Rf3+ 45. Ke1 Rf6 46. Rd7 Kxh4 47. Rd2 Kg5 48. Rg2+ Kh6 49. Ke2 h4 50. Ke3 g5 51. Ke4 Kh5 52. Kd4 g4 53. Kc5 h3 54. Rh2 Kh4 55. Re2 Rg6 56. Kb6 g3 57. Re4+ Rg4 58. Re8 g2 59. Rh8+ Kg3 60. Kxc6 Rxb4 61. a3 Rg4 62. Kxb5 g1Q 63. a4 Qb1+ 0-1

[Event "ZN-2011-0-01301"]
[Site "LSS email"]
[Date "2011.01.31"]
[Round "?"]
[White "Bester, Kazimierz"]
[Black "Dietle, Robert"]
[Result "0-1"]
[WhiteElo "684"]
[BlackElo "800"]
[PlyCount "108"]
[EventDate "2011.01.27"]
[EventType "match (corr)"]
[EventRounds "2"]
[EventCountry "GER"]
[SourceTitle "Telechess CBM 145"]
[Source "Chessbase"]
[SourceDate "2011.11.11"]
[SourceVersion "1"]
[SourceVersionDate "2011.11.11"]
[SourceQuality "1"]

1. f4 d5 2. Nf3 Nf6 3. e3 Bg4 4. Be2 Nc6 5. 0-0 e6 6. d4 Qd7 7. Ne5 Nxe5 8. fxe5 Bxe2 9. Qxe2 Ne4 10. a3 0-0-0 11. c3 f6 12. Qh5 c5 13. exf6 gxf6 14. b4 Rg8 15. Rf3 Rg5 16. Qh3 c4 17. Rf4 h6 18. Rh4 Qa4 19. Qf3 Qc2 20. Qf1 Rf5 21. Rf4 Bd6 22. Rxf5 exf5 23. Qxf5+ Rd7 24. Qf1 Rg7 25. a4 a6 26. b5 a5 27. Qf5+ Kd8 28. Qf1 b6 29. Nd2 Rg6 30. Nxe4 Qxe4 31. Ra2 Ke7 32. Rf2 h5 33. Bd2 Ke6 34. h3 Qc2 35. e4 Qxa4 36. e5 fxe5 37. Qb1 Rf6 38. Rxf6+ Kxf6 39. dxe5+ Bxe5 40. h4 Qb3 41. Qf1+ Ke6 42. Qe2 Qxb5 43. Qxh5 Qb1+ 44. Kf2 Qf5+ 45. Qxf5+ Kxf5 46. Kf3 a4 47. g4+ Ke6 48. h5 Kf7 49. h6 Kg8 50. g5 Kh7 51. Kg4 Kg6 52. Kf3 a3 53. Kg4 a2 54. h7 a1Q 0-1

[Event "ZN-2011-0-01301"]
[Site "LSS email"]
[Date "2011.01.31"]
[Round "?"]
[White "Dietle, Robert"]
[Black "Bester, Kazimierz"]
[Result "1-0"]
[WhiteElo "800"]
[BlackElo "684"]
[PlyCount "111"]
[EventDate "2011.01.27"]
[EventType "match (corr)"]
[EventRounds "2"]
[EventCountry "GER"]
[SourceTitle "Telechess CBM 145"]
[Source "Chessbase"]
[SourceDate "2011.11.11"]
[SourceVersion "1"]
[SourceVersionDate "2011.11.11"]
[SourceQuality "1"]

1. e4 d5 2. exd5 Qxd5 3. Nc3 Qa5 4. d4 Nf6 5. Nf3 Nc6 6. Be2 Bf5 7. 0-0 0-0-0 8. Be3 e5 9. d5 Nxd5 10. Nxd5 Rxd5 11. Qe1 Qxe1 12. Rfxe1 Bxc2 13. Bc4 Rd7 14. Bb3 Bxb3 15. axb3 b6 16. Rec1 Rd6 17. Ng5 Nd8 18. Rxa7 f6 19. Raxc7+ Kb8 20. Ne4 Re6 21. Rc8+ Kb7 22. Rxd8 h6 23. g3 f5 24. Nd2 g5 25. Rd7+ Ka6 26. Ra1+ Kb5 27. Ra8 f4 28. Bxb6 Rxb6 29. Rd5+ Kc6 30. Rxe5 Kb7 31. Ree8 Rf6 32. Ne4 Ra6 33. Rab8+ Kc7 34. gxf4 Ra1+ 35. Kg2 gxf4 36. Rxf8 Rxf8 37. Rxf8 Rb1 38. Rxf4 Rxb2 39. Rf6 h5 40. Rh6 Rxb3 41. Rxh5 Rb8 42. Kg3 Rg8+ 43. Rg5 Re8 44. f3 Rf8 45. h4 Kc6 46. Kg4 Kd7 47. f4 Ke7 48. f5 Rd8 49. f6+ Kf7 50. Rg7+ Ke6 51. Re7+ Kd5 52. Kf5 Kd4 53. Ng5 Rd5+ 54. Kg6 Kc5 55. f7 Rxg5+ 56. Kxg5 1-0

[Event "ZN-2010-0-01239"]
[Site "LSS email"]
[Date "2010.12.14"]
[Round "?"]
[White "Hendershot, Paul"]
[Black "Dietle, Robert"]
[Result "0-1"]
[WhiteElo "549"]
[BlackElo "800"]
[PlyCount "52"]
[EventDate "2010.12.09"]
[EventType "match (corr)"]
[EventRounds "2"]
[EventCountry "GER"]
[SourceTitle "Telechess CBM 147"]
[Source "ChessBase"]
[SourceDate "2012.03.16"]
[SourceVersion "1"]
[SourceVersionDate "2012.03.16"]
[SourceQuality "1"]

1. e4 e5 2. Nf3 Nc6 3. c3 Nf6 4. d3 d5 5. exd5 Qxd5 6. c4 Qa5+ 7. Bd2 Bb4 8. Be2 Qb6 9. a3 Bxd2+ 10. Qxd2 Bf5 11. Qg5 Qxb2 12. Qxg7 Ke7 13. Ng5 Bg6 14. 0-0 Qxa1 15. Bf3 h6 16. Be4 Rag8 17. Qxh8 Rxh8 18. Nf3 Nxe4 19. dxe4 Bxe4 20. Nfd2 Bd3 21. Re1 Qd4 22. Nf3 Qf4 23. Nc3 Bxc4 24. Rf1 Rg8 25. Re1 Qxf3 26. g3 Qxc3 0-1